000 00211nam a22000977a 4500
999 _c16072
_d16072
003 OSt
008 191029b ||||| |||| 00| 0 eng d
100 _aUnnikrishnan.
_94523
245 _aVikara jeevikal
942 _cBK